00199nam a2200073Ia 4500008004100000082000800041100001500049245006100064240331s9999 xx 000 0 und d bMAR aMarx, Carl 0aMoolathanam :barasiyal pPorulathara vimarsana pakupaivu